000 01042nam a22003137a 4500
001 BR9100591
003 BR-BrBNA
005 20230928093514.0
007 ta
008 230509b bl.||||| |||| 00| 0 por d
040 _aBR-BrBNA
_bpor
_cBiblioteca Nacional de Agricultura
041 _a(Por)
072 _aL53
_b5120
090 _ 5120 BR9100591
100 1 _aAlmeida, F.Q.
110 1 _aUniversidade Federal de Vicosa, MG (Brasil)
_0Tese (Magister Scientiae)
245 1 _aEfeitos da Protaglandina F-2 alfa e da Progesterona na eficiencia reprodutiva de eguas mesticas no periodo pos-parto
260 3 _aVicosa, MG (Brasil):
_c1990.
300 _a51 p.
500 _a6 tables; Bibliography p. 43-49 (70 ref.); Summary (Por). (*) Documento disponível na(o) Universidade Federal de Vicosa, MG (Brazil)
650 _aEGUA
650 _aPROSTAGLANDINA
650 _aPROGESTERONA
650 _aEFICIENCIA REPRODUTIVA
650 _aOVULACAO
650 _aCICLO ESTRAL
909 _a202309
_bLucia
_c55
_dLucia Elande
942 _cBK
999 _c45380
_d45380